Optimalizácia aktivít na podporu predaja bakalárska práca

Guardado en:
Detalles Bibliográficos
Autor principal: Tatárová, Lenka
Autor Corporativo: Podnikovohospodárska fakulta EU so sídlom v Košiciach. Katedra manažmentu
Otros Autores: Mihalčová, Bohuslava, 1963-
Formato: Libro
Lenguaje:eslovaco
Publicado: Košice 2014
Etiquetas: Agregar Etiqueta
Sin Etiquetas, Sea el primero en etiquetar este registro!

MARC

LEADER 00000nbm a2200000 4500
001 0189212
005 20170315090445.0
041 0 |a slo 
044 |a SK 
245 1 0 |a Optimalizácia aktivít na podporu predaja  |b bakalárska práca  |c Lenka Tatárová ; školiteľ: Bohuslava Mihalčová 
264 1 |a Košice  |c 2014 
300 |a 56 s. 
100 1 |a Tatárová, Lenka 
700 1 |a Mihalčová, Bohuslava, 1963- 
710 2 |a Podnikovohospodárska fakulta EU so sídlom v Košiciach. Katedra manažmentu